000 00922cam a2200229 a 4500
001 000002337
005 20200929150203.0
008 930820s1994 mx a b 001 0 spa
040 _aDO-SdBNP
_cDLC
_dDLC
041 1 7 _aspa
_heng
_2Código de idioma MARC
082 _a327.174
_bG226n
100 1 _aGardner, Gary T.,
_d1958-
_97432
240 1 0 _aNuclear nonproliferation: a primer
_lEspañol.
245 1 0 _aNo proliferación Nuclear :
_bun manual /
_cGary T. Gardner.
260 _aMéxico :
_bIICLA-Revista Occidental,
_c1994.
300 _axv,191 p. :
_bil. ;
_c23 cm.
500 _a"Publicado en asociación con el Programa de Estudios sobre la no Proliferación del Instituto Monterrey de Estudios Internacionales "- P. Enfrenta TP
534 _aTraducción:
_tNuclear nonproliferation: a primer
650 4 _aNo proliferación nuclear
_97433
650 4 _aArmas nucleares
_97434
910 _aCatalogación por copia / LC
999 _c2182
_d2182